Akta Undang-undang Sivil 1956 (Akta 67) : (Hingga 5hb April 2005)

Bibliographic Details
Corporate Authors: Malaysia, International Law Book Services. Lembaga Penyelidikan Undang-Undang
Format: Book
Published: Petaling Jaya : ILBS , 2005
Subjects:

MARC

LEADER 00000cam a2200000 7i4500
001 0000018458
005 20061220.0
020 |a 9678903695 
040 |a INS 
090 0 0 |a KPG634.51956   |b M4 2005 
110 1 |a Malaysia 
240 0 0 |a [Akta Undang-undang Sivil 1956 (Akta 67) 
245 1 0 |a Akta Undang-undang Sivil 1956 (Akta 67) :   |b (Hingga 5hb April 2005)   |c disusun oleh Lembaga Penyelidikan Undang-Undang 
260 |a Petaling Jaya :   |b ILBS ,   |c 2005 
300 |a 28 p. ;   |c 24 cm. 
650 0 0 |a Civil law   |z Malaysia 
710 1 |a International Law Book Services. Lembaga Penyelidikan Undang-Undang 
740 0 |a Undang-Undang Malaysia 
999 |a 0000017802   |b BOOK   |c Acts   |e Default branch